Kabale University Library Catalogue

Labson's essentials of accounting / (Record no. 6194)

MARC details
000 -LEADER
fixed length control field 00573nam a22001937a 4500
005 - DATE AND TIME OF LATEST TRANSACTION
control field 20260323200041.0
008 - FIXED-LENGTH DATA ELEMENTS--GENERAL INFORMATION
fixed length control field 260323b |||||||| |||| 00| 0 eng d
020 ## - INTERNATIONAL STANDARD BOOK NUMBER
International Standard Book Number 9789913624015
040 ## - CATALOGING SOURCE
Original cataloging agency KABLIB
Transcribing agency KABLIB
Description conventions rda
082 ## - DEWEY DECIMAL CLASSIFICATION NUMBER
Edition number 23
Classification number 657
Item number TUR
100 ## - MAIN ENTRY--PERSONAL NAME
Personal name Turyamushanga, Labson
9 (RLIN) 15749
245 ## - TITLE STATEMENT
Title Labson's essentials of accounting /
Statement of responsibility, etc. Labson Turyamushanga
250 ## - EDITION STATEMENT
Edition statement Int. ed.
260 ## - PUBLICATION, DISTRIBUTION, ETC.
Place of publication, distribution, etc. Wakiso :
Name of publisher, distributor, etc. Roots Publishers Limited,
Date of publication, distribution, etc. c2025.
300 ## - PHYSICAL DESCRIPTION
Extent v, 573 p. :
Other physical details ill. ;
Dimensions 26 cm.
500 ## - GENERAL NOTE
General note Includes appendix, index.
650 ## - SUBJECT ADDED ENTRY--TOPICAL TERM
Topical term or geographic name entry element Accounting
942 ## - ADDED ENTRY ELEMENTS (KOHA)
Source of classification or shelving scheme Dewey Decimal Classification
Koha item type Book
Holdings
Withdrawn status Lost status Source of classification or shelving scheme Damaged status Not for loan Home library Current library Shelving location Date acquired Source of acquisition Total Checkouts Full call number Barcode Date last seen Price effective from Koha item type
    Dewey Decimal Classification     Mukombe Library Mukombe Library Reserve Section 23.03.2026 Donated   657 TUR 14623 23.03.2026 23.03.2026 Book

Kabale University Library | Kabale University P.O Box 317, Kabale, Uganda
Tel : +256754017033, +256774661503 E-mail : library@kab.ac.ug